| 000 | 01234nam a2200265Ia 4500 | ||
|---|---|---|---|
| 999 |
_c5765 _d5765 |
||
| 003 | OSt | ||
| 005 | 20200623132845.0 | ||
| 008 | 191128s1958 sp gr 000 0 spa d | ||
| 040 |
_aCO-JMCR _cCO-JMCR |
||
| 041 | 1 |
_aspa _heng |
|
| 082 | 0 | 4 |
_a330.153 / _bS642i1 _223 |
| 100 |
_aSmith, Adam, _eautor _91565 |
||
| 245 | 1 | 0 |
_aIndagación acerca de la naturaleza y las causas de la riqueza de las naciones / _cAdam Smith ; traducción del inglés por Amando Lazaro Ros ; revisión y prólogo German Bernaces Tormo |
| 260 |
_a[Barcelona] : _b[Bosch casa editorial], _c[1958?]. |
||
| 300 |
_axx, 868 páginas ; _c20 cm. |
||
| 500 | _aIncluye índice alfabético de autores y materias páginas 835-868. | ||
| 505 | 0 | _aCausas del mejoramiento en la capacidad productora del trabajo -- Naturaleza, acumulación y empleo del capital -- Del diferente progreso de la riqueza en las diversas naciones -- Los sistemas de economía política | |
| 546 | _aTraducido del inglés | ||
| 650 | 1 |
_aRiqueza _xLiberalismo _95984 |
|
| 650 | 2 |
_aTeoría económica _95985 |
|
| 650 | 2 |
_a Planificación de la producción _95966 |
|
| 700 | 1 |
_aLazaro Ros, Amando, _etraductor _95986 |
|
| 700 | 1 |
_aBernacer Tormo, German, _erevisor _95987 |
|
| 942 |
_2ddc _cBK |
||